000 00999nam a22002777a 4500
005 20180308122500.0
010 _aBAC-EN21 ENG-111900
020 _a9789351072256
_c465.00
035 _aEN-95432
035 _aB-588751-781
035 _aB-665106
037 _bPrakashan Sansthan/Ven
_adpl
037 _bDBAD/PUB
082 _a620.11
100 _aPhilip, Mathew
245 _aTechnology of engineering materials /
_cby Mathew Philip [and] Bill Bolton
260 _aNew Delhi
_bElsevier
_c2014
270 _a305, Rohit House, 3 Tolstoy Marg
_bNew Delhi
_e110001
300 _aviii,471p. :
_c27cm(pbk)
_bill.
500 _aIncludes index
650 _aMaterials.
700 _aBolton, Bill
942 _2ddc
_cEN
_mPHI
_h620.11
999 _c89171
_d89171